1080 1239 1312 1586 1991 1669 1983 1475 1618 1510 1311 1830 1109 1921 1428 1006 1606 1858 1220 1595 1650 1790 1852 1435 1453 1745 1773 1136 1635 1766 1340 1572 1018 1864 1873 1449 1722 1155 1503 1042 1536 1720 1363 1191 1913 1060 1729 1197 1061 1987 1520 1458 1674 1815 1204 1132 1646 1048 1708 1006 1196 1872 1699 1674 1130 1696 1095 1892 1767 1946 1565 1710 1930 1218 1999 1256 1292 1120 1197 1752 1454 1979 1601 1318 1577 1338 1342 1352 1807 1908 1796 1001 1292 1078 1917 1818 1278 1920 1667 BCNSPRNW ULIB Ver.6.0+V

เปลี่ยนเป็นภาษาไทย

Change to English
 แสดงรายละเอียดบรรณานุกรม
  กลับหน้าหลัก

Brief Record : Get Marc (ISO 2709) : E-mail record : QR code < ปิดหน้าต่าง
LEADER : 00000nam 2200000uu 4500
001    13399111157
003     ULIB
008    110617s||||||||th 000 0 tha d
020    9789749763759
050 04 BF636^bฟ174ด 2552
100 0  Arielle Ford
245 10 เดอะโซลเมทซีเคร็ต =^b วิธีบันดาลรักแท้ให้เกิดขึ้นในชีวิตคุณ /^cโดย Arielle Ford ;พรรณี ชูจิรวงศ์ ,ผู้แปล
246 31 วิธีบันดาลรักแท้ให้เกิดขึ้นในชีวิตคุณ
260    กรุงเทพฯ :^bสำนักพิมพ์ต้นไม้ ,^c2552
300    217 หน้า :^bภาพประกอบ
650  7 ความรัก
650  7 รักแท้
700 0  พรรณี ชูจิรวงศ์ ,^eผู้แปล
945    ^p195^l0^i026958
995    ทศพร
999 ^a ใช้งานได้ทุกระบบ
รายการนี้ยังไม่มีแท็ก
คุณยังไม่ได้ล็อกอิน คุณสามารถมีกิจกรรมร่วมกับเว็บไซต์ได้ แต่ต้องล็อกอินก่อน ::
  ล็อกอิน

รายการสื่อสารสนเทศ

ลำดับที่ ประเภท เลขเรียก/บาร์โค้ด สถานที่ สถานะ
- ไม่พบข้อมูล -

รายการใกล้เคียง
    หัวเรื่อง [ความรัก]

BibComment


ยังไม่เคยถูกคอมเมนท์

คอมเมนท์ทรัพยากรรายการนี้
  คอมเมนท์: เดอะโซลเมทซีเคร็ต..


 Copyright 2026. Bcnsprnw @Library